Herby miast w województwie mazowieckim - Statystyki

Ogólne statystyki
  • Ten quiz został rozwiązany 21 razy
  • Średni wynik to 8 z 16
Statystyki odpowiedzi
Obrazkowy Odpowiedź % Poprawnych
Warszawa
100%
Radom
92%
Pruszków
67%
Siedlce
67%
Żyrardów
67%
Ostrołęka
58%
Płock
58%
Legionowo
50%
Nowy Dwór Mazowiecki
33%
Piaseczno
33%
Grójec
25%
Mława
25%
Ostrów Mazowiecka
25%
Pułtusk
25%
Szydłowiec
25%
Wyszków
25%
Nie znaleziono quizów pasujących do podanych kryteriów
Rozkład punktacji
Procent ludzi z każdym wynikiem
Percentyl według liczby udzielonych odpowiedzi
Twoja historia wyników
Nie rozwiązałeś tego quizu